00382nam a2200145Ia 4500008004100000020001500041041001200056082001100068100001700079245005600096260004100152300000800193650001600201700001900217221030s9999 xx 000 0 und d a8131707431 aEnglish a105.23 aD. Hanselman 0aMastering MATLAB 7cby D. Hanselman, B. Littlefield bPearson EducationaNew Delhic2007 a864 aBE Computer aB. Littlefield